000 00457nam a2200169Ia 4500
008 230917s9999||||xx |||||||||||||| ||und||
020 _cRS 900.00
040 _e5009267
_aMAIN
041 _aEnglish
082 _a647.94068 C349M
100 _aChakravarti, B K
245 0 _aManaging restaurant and bar business
260 _aDelhi
_bAman Publications
_c2008
300 _a378 p.
500 _a4501 25/01/2022 IF22/1072 27/01/2022 IHTM (SFS)
942 _cBK
999 _c5198
_d5198